| 000 | 00935nam a22002897a 4500 | ||
|---|---|---|---|
| 001 | 245 | ||
| 003 | FISKH | ||
| 005 | 20260401100334.0 | ||
| 008 | 230309b cb ||||| |||| 00| 0 eng d | ||
| 020 | _a9780590440691 | ||
| 040 |
_aDLC _beng _cDLC _dDLC _dFISKH |
||
| 042 | _alcac | ||
| 050 | 0 | 0 |
_aPZ8.1.Y84 _bLo 1989 |
| 082 | 0 | 0 |
_a398.2/0951 _aE _219 |
| 100 | 1 | _aYoung, Ed. | |
| 245 | 1 | 0 |
_aLon Po Po : _ba Red-Riding Hood story from China / _ctranslated and illustrated by Ed Young. |
| 260 |
_aNew York _bScholastic _c1990 |
||
| 300 |
_a16 leaves of plates _bcol. ill. ; _c26 cm. |
||
| 505 | _aM | ||
| 520 | _aThree sisters staying home alone are endangered by a hungry wolf who is disguised as their grandmother. | ||
| 521 | 8 |
_a670
_bLexile |
|
| 521 | 8 |
_aM
_bRaz-Plus |
|
| 650 | 1 | _aFolklore | |
| 710 | 2 |
_aJuvenile Collection (Library of Congress) _5DLC |
|
| 906 |
_a7 _bcbc _corignew _d1 _eocip _f19 _gy-gencatlg |
||
| 942 |
_2ddc _cBK _n0 |
||
| 999 |
_c245 _d245 |
||